ბათუმის შოთა რუსთაველის სახელმწიფო უნივერსიტეტის ბიბლიოთეკა

მელიორაცია და სასოფლო-სამეურნეო წყალმომარაგება (პრაქტიკუმი) (ბიბ.ჩანაწერი № 44405)

000 -LEADER
fixed length control field 00966nam a2200217Ia 4500
001 - CONTROL NUMBER
control field 11171
003 - CONTROL NUMBER IDENTIFIER
control field GE_BSU
008 - FIXED-LENGTH DATA ELEMENTS--GENERAL INFORMATION
fixed length control field 181216s||||||||xx |||||||||||||| ||und||
040 ## - CATALOGING SOURCE
Transcribing agency GE_BSU
080 ## - UNIVERSAL DECIMAL CLASSIFICATION NUMBER
Universal Decimal Classification number 631.6(076.5)+631.672(076.5)
100 ## - MAIN ENTRY--PERSONAL NAME
Personal name ყუფარაძე,მ.მ. ჩხიკვიშვილი,ვ.ი.
245 ## - TITLE STATEMENT
Title მელიორაცია და სასოფლო-სამეურნეო წყალმომარაგება (პრაქტიკუმი)
245 ## - TITLE STATEMENT
Statement of responsibility, etc. რედ:ვ.ზუხბაია.
260 ## - PUBLICATION, DISTRIBUTION, ETC.
Place of publication, distribution, etc. სოხუმი.
260 ## - PUBLICATION, DISTRIBUTION, ETC.
Name of publisher, distributor, etc. აფხაზსახგამომცემლობა.
260 ## - PUBLICATION, DISTRIBUTION, ETC.
Date of publication, distribution, etc. 1962.
300 ## - PHYSICAL DESCRIPTION
Extent 187გვ;22სმ.
300 ## - PHYSICAL DESCRIPTION
Accompanying material ილ;დანართი.გვ:183.
653 ## - INDEX TERM--UNCONTROLLED
Uncontrolled term მელიორაცია და სასოფლო-სამეურნეო წყალმომარაგება (პრაქტიკუმი)
942 ## - ADDED ENTRY ELEMENTS (KOHA)
Koha item type წიგნი
ეგზემპლარები
Withdrawn status Lost status Damaged status Not for loan Date acquired Barcode Date last seen Price effective from Koha item type
        2018-12-17 19045 2018-12-17 2018-12-17 წიგნი
        2018-12-17 19046 2018-12-17 2018-12-17 წიგნი
        2018-12-17 19047 2018-12-17 2018-12-17 წიგნი
        2018-12-17 19048 2018-12-17 2018-12-17 წიგნი
        2018-12-17 19049 2018-12-17 2018-12-17 წიგნი
        2018-12-17 19050 2018-12-17 2018-12-17 წიგნი
        2018-12-17 19051 2018-12-17 2018-12-17 წიგნი
        2018-12-17 19052 2018-12-17 2018-12-17 წიგნი
        2018-12-17 19053 2018-12-17 2018-12-17 წიგნი
        2018-12-17 19054 2018-12-17 2018-12-17 წიგნი
        2018-12-17 19055 2018-12-17 2018-12-17 წიგნი
        2018-12-17 19056 2018-12-17 2018-12-17 წიგნი
        2018-12-17 19057 2018-12-17 2018-12-17 წიგნი
        2018-12-17 19058 2018-12-17 2018-12-17 წიგნი
        2018-12-17 19059 2018-12-17 2018-12-17 წიგნი
        2018-12-17 19060 2018-12-17 2018-12-17 წიგნი
        2018-12-17 19061 2018-12-17 2018-12-17 წიგნი